| 000 | 00709nam a2200253 a 4500 | ||
|---|---|---|---|
| 001 | 62409 | ||
| 003 | BD-RjUL | ||
| 005 | 20211209081101.0 | ||
| 008 | 170124s1979 nyu 000 1 eng d | ||
| 020 |
_a0385144539 : _c$8.95 |
||
| 035 | _a(BD-RjUL)62535 | ||
| 040 |
_aDLC _cDLC _dDLC _dBD-RjUL _beng |
||
| 041 | _aeng | ||
| 082 | 0 | 0 |
_a813.54 _223 _bMAM 1979 |
| 100 | 1 |
_aMahan, Bill. _9185629 |
|
| 245 | 1 | 4 |
_aThe Moviola man / _cBill & Colleen Mahan. |
| 250 | _a1st ed. | ||
| 260 |
_aGarden City, N.Y. : _bDoubleday, _c1979. |
||
| 300 |
_a239 p. ; _c22 cm. |
||
| 600 |
_aMahan, Bill _9185629 |
||
| 700 | 1 |
_aMahan, Colleen, _ejoint author. _9185630 |
|
| 942 |
_2ddc _cBK |
||
| 999 |
_c62409 _d62409 |
||